The downsizing of Asia / (Record no. 2093)

MARC details
000 -LEADER
fixed length control field 00705cam a2200241 4500
001 - CONTROL NUMBER
control field 2629
005 - DATE AND TIME OF LATEST TRANSACTION
control field 20181127165409.0
007 - PHYSICAL DESCRIPTION FIXED FIELD--GENERAL INFORMATION
fixed length control field cr_|||||||||||
008 - FIXED-LENGTH DATA ELEMENTS--GENERAL INFORMATION
fixed length control field 990212s1999 enk b 001 0 eng d
010 ## - LIBRARY OF CONGRESS CONTROL NUMBER
LC control number 99200362
020 ## - INTERNATIONAL STANDARD BOOK NUMBER
International Standard Book Number 0203258665
International Standard Book Number 041519833X
International Standard Book Number 0415198348
043 ## - GEOGRAPHIC AREA CODE
Geographic area code a------
100 1# - MAIN ENTRY--PERSONAL NAME
Personal name Godement, Francois.
245 14 - TITLE STATEMENT
Title The downsizing of Asia /
Statement of responsibility, etc. Francois Godement.
260 ## - PUBLICATION, DISTRIBUTION, ETC.
Place of publication, distribution, etc. London ;
-- New York :
Name of publisher, distributor, etc. Routledge,
Date of publication, distribution, etc. 1999.
300 ## - PHYSICAL DESCRIPTION
Extent 245 p. ;
Dimensions 22 cm.
504 ## - BIBLIOGRAPHY, ETC. NOTE
Bibliography, etc. note Includes bibliographical references (p. [231]-235) and index.
650 #0 - SUBJECT ADDED ENTRY--TOPICAL TERM
Topical term or geographic name entry element Capital market
Geographic subdivision Asia.
Topical term or geographic name entry element Financial crises
Geographic subdivision Asia.
651 #0 - SUBJECT ADDED ENTRY--GEOGRAPHIC NAME
Geographic name Asia
General subdivision Economic conditions
Chronological subdivision 1945-
Holdings
Withdrawn status Lost status Source of classification or shelving scheme Damaged status Not for loan Collection code Home library Current library Shelving location Serial Enumeration / chronology Inventory number Total Checkouts Full call number Barcode Date last seen Copy number Price effective from Koha item type
    Dewey Decimal Classification     Main TEST RTC Library RTC Library Main opac 2143   338.542 GOD 30000245 27/11/2018 1 27/11/2018 Main
Royal Thimphu College || All Right Reserved